Riconosci il Pokémon - Quiz n°42 - Statistics

Statistiche generali
  • Questo quiz è stato fatto 12 volte
  • Il punteggio medio è 9 su 10
Statistiche sulle risposte
Indizio Risposta % Corretto
Tipo Acqua
100%
Generazione Quinta
100%
Abilità Voracità; Acquaiuto
100%
Altezza 1,0 m
92%
Peso 29,0 kg
92%
Tasso di cattura 75 (17.5%)
92%
Sesso 87.5% ♂, 12.5% ♀
92%
Tasso di allevamento Medio-Veloce
92%
Stadio evoluzione Prima evoluzione
92%
Pokémon Simipour
42%
Nessun quiz corrispondente trovato
Distribuzione punteggi
Percentuale di utenti per punteggio
Percentile per numero di risposta
I tuoi punteggi nel tempo
Non hai fatto questo quiz